[Event "Kalamazoo op01"]
[Site "Kalamazoo"]
[Date "2000.01.22"]
[Round "1"]
[White "Ringler, Dave"]
[Black "Miller, Doug"]
[Result "0-1"]
[WhiteElo "980"]
[BlackElo "1309"]
[PlyCount "73"]
[EventDate "2000.01.22"]
[EventType "swiss"]
[EventRounds "3"]
[EventCountry "USA"]
[SourceTitle "EXT 2007"]
[Source "ChessBase"]
[SourceDate "2006.11.23"]
[SourceVersion "1"]
[SourceVersionDate "2006.11.23"]
[SourceQuality "1"]

1. e4 c5 2. Nf3 Nc6 3. d4 cxd4 4. Nxd4 d6 5. Bc4 Nf6 6. Nc3 Bd7 7. Bg5 e5 8. Nde2 Be7 9. Qd2 0-0 10. 0-0-0 Na5 11. Bb5 Bxb5 12. Nxb5 Qb6 13. Nec3 a6 14. Bxf6 Bxf6 15. Nxd6 Rfd8 16. Nd5 Qxd6 17. Nxf6+ Qxf6 18. Qxa5 h6 19. Rxd8+ Rxd8 20. g3 Rc8 21. Qd2 Rd8 22. Qe3 Qe6 23. b3 Qh3 24. Rd1 Rxd1+ 25. Kxd1 Qxh2 26. Qc5 Qh1+ 27. Kd2 Qxe4 28. a4 f5 29. Qe3 Qxe3+ 30. Kxe3 Kf7 31. b4 Ke6 32. c4 g5 33. f4 exf4+ 34. gxf4 g4 35. Kf2 h5 36. Kg3 Kd6 37. Kh4 0-1